000 00451nam a22001337a 4500
008 150424b xxu||||| |||| 00| 0 eng d
082 _a759.972.81
_bA 997i
100 _aAzurdia, Margarita
_9273
245 _aIluminaciones
_cAzurdia, Margarita
260 _aGuatemala
_bLas ediciones de Margarita
_c1996
300 _a53 p.
_bill. (col)
_c16 cm
650 _xArte Moderno
_xAzurdia, Margarita
_xPintura
_xS. 20
_zGuatemala
_92457
700 _aMargarita Azurdia
_9275
999 _c533
_d533